¿Por qué los chilenos hablamos como hablamos? Mitos e historia de nuestro lenguaje
Saved in:
| Hovedforfatter: | |
|---|---|
| Format: | Bog |
| Sprog: | spansk |
| Udgivet: |
Santiago, Chile
Uqbar Editores
2015
|
| Fag: | |
| Tags: |
Tilføj Tag
Ingen Tags, Vær først til at tagge denne postø!
|
MARC
| LEADER | 00000cam a2200000 a 4500 | ||
|---|---|---|---|
| 001 | UCC3724 | ||
| 003 | CL-VaPUC | ||
| 005 | 20220330104112.0 | ||
| 008 | 180608e20150000cl |||||||||||||||||spa|d | ||
| 020 | |a 9789569171574 | ||
| 040 | |c Pontificia Universidad Católica de Valparaíso | ||
| 082 | 0 | 4 | |a 460.983 ROJ 2015 |2 21 |
| 100 | 0 | |a Rojas, Darío |e author |9 597820 | |
| 245 | 1 | 0 | |a ¿Por qué los chilenos hablamos como hablamos? |b Mitos e historia de nuestro lenguaje |
| 260 | |a Santiago, Chile |b Uqbar Editores |c 2015 | ||
| 300 | |a 133 páginas | ||
| 583 | |a last modification |c 20180608 10:40:00 |k Rodrigo Vera | ||
| 650 | 0 | |a Idioma español |9 309143 | |
| 650 | 0 | |a Chilenismos |9 306533 | |
| 650 | 0 | |a Lingüística aplicada |9 313266 | |
| 942 | |c BK |2 ddc | ||
| 945 | |d 20180608 10:40:00 |a dcastane | ||
| 999 | |c 371411 |d 371409 | ||
| 952 | |0 0 |1 0 |2 ddc |4 0 |6 460_983000000000000_ROJ_2015 |7 0 |8 R |9 128429 |a BIBEDU |b BIBEDU |c MCIRC |d 2019-10-17 |e 14 |g 9600.00 |i 556543K |o 460.983 ROJ 2015 |p 556543K |r 2023-01-13 |v 9600.00 |w 2019-10-17 |y BK | ||